000 00728nam a2200193Ia 4500
003 GCL
005 20240530105208.0
008 140319s9999 xx 000 0 ara d
040 _aGCL /
_cGCL
082 0 4 _a346.07
_bف.م
100 1 _aفتيحة قرة
245 1 0 _aموسوعة قضاء النقض فى المنازعات التجارية والبحرية والضرائب فى المدة من يناير 1980 الى يناير 1988 /
_cفتيحة قرة
260 _a[ الاسكندرية ] :
_bمنشاة المعارف ،
_c1987
300 _a204 ص ؛
_b24 سم
490 _aسلسلة الكتب القانونية
_v0
650 0 4 _aالقانون
650 0 4 _aالقانون التجارى
942 _2ddc
_cBK
999 _c53843
_d53843